000 00549nam a22001937a 4500
005 20251108170927.0
008 250721s1997 xx 000 0 ara d
082 1 4 _aط/ 581.5264/نبا
245 1 0 _aنباتات الأدغال /
264 1 _aبيروت :
_bأكاديميا،
_c1997.
300 _a31ص.:مص
490 0 _aعالم النبات
650 1 7 _aالبيئة
650 1 7 _aالنباتات
650 1 7 _aالغابات
653 _aأطفال مرحلة متوسطة (6-9 سنوات)
942 _2ddc
_cBK
999 _c52319
_d52319